[Event "WYCC U16 Open 2019"]
[Site "Mumbai"]
[Date "2019.10.04"]
[Round "4.14"]
[White "Soto, Miguel Angel"]
[Black "Fuglestein, Sander"]
[Result "1-0"]
[WhiteElo "2283"]
[BlackElo "2091"]
[Annotator "NA"]
[PlyCount "81"]
[EventDate "2019.10.02"]
[EventType "swiss"]
[EventCountry "IND"]
[SourceTitle "playchess.com"]
[Source "ChessBase"]
[SourceQuality "1"]
[TimeControl "40/5400+30:1800+30"]

1. e4 c6 2. d4 d5 3. Nc3 dxe4 4. Nxe4 Nf6 5. Nxf6+ exf6 6. c3 Bd6 7. Bd3 O-O 8. Qc2 Re8+ 9. Ne2 h5 10. O-O Qc7 11. h3 Nd7 12. Bd2 Nf8 13. Rfe1 Be6 14. c4 g6 15. b3 Rad8 16. Bc3 Nh7 17. Kh1 Qd7 18. Ng1 Bc7 19. Rf1 Qd6 20. f4 Bc8 21. c5 Qd5 22. f5 g5 23. Qd1 h4 24. Bc4 Qd7 25. Qh5 Re3 26. Bb2 Rf8 27. Rad1 Qe7 28. d5 cxd5 29. Bxd5 b6 30. Nf3 Bf4 31. Nxh4 Kg7 32. Rxf4 gxf4 33. Qg4+ Kh8 34. Qxf4 bxc5 35. Bxf7 Kg7 36. Bc4 Re1+ 37. Kh2 Rxd1 38. Qg4+ Ng5 39. Qxg5+ Kh7 40. Qg6+ Kh8 41. Qh6+ 1-0

[Event "WYCC U16 Open 2019"]
[Site "Mumbai"]
[Date "2019.10.04"]
[Round "4.15"]
[White "Soham Kamotra"]
[Black "Bilych, Olexiy"]
[Result "0-1"]
[WhiteElo "2091"]
[BlackElo "2281"]
[Annotator "NA"]
[PlyCount "86"]
[EventDate "2019.10.02"]
[EventType "swiss"]
[EventCountry "IND"]
[SourceTitle "playchess.com"]
[Source "ChessBase"]
[SourceQuality "1"]
[TimeControl "40/5400+30:1800+30"]

1. c4 {[%emt 0:00:09]} Nf6 {[%emt 0:00:00]} 2. g3 {[%emt 0:00:06]} e6 {[%emt 0:00:00]} 3. Bg2 {[%emt 0:00:04]} d5 {[%emt 0:00:00]} 4. Nf3 {[%emt 0:00:14]} Be7 {[%emt 0:00:00]} 5. O-O {[%emt 0:00:08]} O-O {[%emt 0:00:02]} 6. b3 {[%emt 0:00:05]} b6 {[%emt 0:04:09]} 7. Bb2 {[%emt 0:00:35]} Bb7 {[%emt 0:00:11]} 8. e3 {[%emt 0:00:09]} c5 {[%emt 0:01:35]} 9. Qe2 {[%emt 0:03:50]} Nc6 {[%emt 0:04:41]} 10. d3 {[%emt 0:04:24]} Qc7 {[%emt 0:03:21]} 11. Nc3 {[%emt 0:00:31]} Rad8 {[%emt 0:02:07]} 12. Rac1 {[%emt 0:05:32]} Qb8 {[%emt 0:06:29]} 13. Rfd1 {[%emt 0:06:50]} Qa8 {[%emt 0:08:36]} 14. cxd5 {[%emt 0:01:58]} Nxd5 {[%emt 0:07:36]} 15. Nxd5 {[%emt 0:00:38]} Rxd5 {[%emt 0:04:31]} 16. d4 {[%emt 0:17:31]} cxd4 {[%emt 0:02:06]} 17. Nxd4 {[%emt 0:01:25]} Nxd4 {[%emt 0:11:08]} 18. Rxd4 {[%emt 0:00:14]} Rxd4 {[%emt 0:08:25]} 19. Bxb7 {[%emt 0:00:50]} Qxb7 {[%emt 0:00:18]} 20. Bxd4 {[%emt 0:00:07]} Rc8 {[%emt 0:01:53]} 21. Rxc8+ {[%emt 0:00:09]} Qxc8 {[%emt 0:00:08]} 22. Kg2 {[%emt 0:01:03]} Qd7 {[%emt 0:02:04]} 23. Qf3 {[%emt 0:05:13]} f6 {[%emt 0:01:43]} 24. Qe4 {[%emt 0:01:30]} g6 {[%emt 0:07:27]} 25. g4 {[%emt 0:06:35]} Kf7 {[%emt 0:03:15]} 26. Qf3 {[%emt 0:02:29]} Qb5 {[%emt 0:03:04]} 27. Qa8 {[%emt 0:06:20]} e5 {[%emt 0:01:28]} 28. Bc3 {[%emt 0:05:42]} Qc5 {[%emt 0:00:43]} 29. Bd2 {[%emt 0:00:06]} Qd6 {[%emt 0:00:30]} 30. Bc3 {[%emt 0:00:42]} Qd3 {[%emt 0:04:31]} 31. Qc6 {[%emt 0:04:00]} Bc5 {[%emt 0:00:21]} 32. Be1 {[%emt 0:09:12]} Qd1 {[%emt 0:02:30]} 33. Qc7+ {[%emt 0:01:58]} Kg8 {[%emt 0:00:48]} 34. Qc8+ {[%emt 0:00:43]} Kg7 {[%emt 0:00:35]} 35. Bc3 {[%emt 0:03:38]} Qd5+ {[%emt 0:01:10]} 36. Kg3 {[%emt 0:00:23]} Qd3 {[%emt 0:01:11]} 37. Be1 {[%emt 0:00:34]} Bxe3 {[%emt 0:00:51]} 38. Qc3 {[%emt 0:06:10]} Bf4+ {[%emt 0:00:13]} 39. Kg2 {[%emt 0:00:01]} Qe4+ {[%emt 0:00:27]} 40. f3 {[%emt 0:00:30]} Qe2+ {[%emt 0:00:12]} 41. Bf2 {[%emt 0:30:01]} e4 {[%emt 0:32:32]} 42. fxe4 {[%emt 0:00:43]} Qxe4+ {[%emt 0:00:42]} 43. Kh3 {[%emt 0:03:07]} Qh1 {[%emt 0:00:29]} 0-1

[Event "WYCC U16 Open 2019"]
[Site "Mumbai"]
[Date "2019.10.04"]
[Round "4.16"]
[White "Turgut, Aydin"]
[Black "Sarzhanov, Chingizkhan"]
[Result "1-0"]
[WhiteElo "2281"]
[BlackElo "2069"]
[Annotator "NA"]
[PlyCount "39"]
[EventDate "2019.10.02"]
[EventType "swiss"]
[EventCountry "IND"]
[SourceTitle "playchess.com"]
[Source "ChessBase"]
[SourceQuality "1"]
[TimeControl "40/5400+30:1800+30"]

1. e4 c5 2. Nf3 e6 3. d4 cxd4 4. Nxd4 a6 5. Be2 Nf6 6. Nc3 Qc7 7. O-O Nc6 8. Be3 Bb4 9. Na4 b5 10. Nxc6 dxc6 11. Bc5 Bxc5 12. Nxc5 O-O 13. Qd4 e5 14. Qc3 Nd7 15. Rfd1 Rd8 16. Qd3 Ra7 17. Bg4 b4 18. Rd2 Qb6 19. Nxd7 Bxd7 20. Rad1 1-0

[Event "WYCC U16 Open 2019"]
[Site "Mumbai"]
[Date "2019.10.05"]
[Round "5.1"]
[White "Aronyak, Ghosh"]
[Black "Makarian, Rudik"]
[Result "1/2-1/2"]
[WhiteElo "2380"]
[BlackElo "2386"]
[Annotator "TA"]
[PlyCount "60"]
[EventDate "2019.10.02"]
[EventType "swiss"]
[EventCountry "IND"]
[SourceTitle "playchess.com"]
[Source "ChessBase"]
[SourceQuality "1"]

{[%evp 15,60,6,13,7,5,0,0,0,0,0,0,0,25,8,25,0,0,0,0,-22,-22,-43,66,68,57,28,29,19,20,8,3,6,25,0,0,0,0,0,0,0,0,0,0,0,0,0,0]} 1. Nf3 Nf6 2. c4 e6 3. Nc3 b6 4. g3 Bb7 5. Bg2 Be7 6. O-O O-O 7. d4 Ne4 8. Bd2 d5 9. Ne5 {E18: Queen's Indian: Old Main Line (4 g3 Bb7 5 Bg2 Be7 6 0-0 0-0 7 Nc3)} (9. cxd5 exd5 10. Rc1 Nd7 11. Bf4 c6 12. h4 Ndf6 13. Ne5 c5 14. dxc5 Bxc5 15. Nd3 Be7 16. Nb5 a6 17. Nd4 Rc8 18. Rxc8 Qxc8 19. Qb3 {0-1 (52) Sarana,A (2618)-Korobov,A (2698) St Petersburg 2018}) 9... Nd7 10. Nxd7 Qxd7 11. Nxe4 dxe4 12. Bc3 f5 13. e3 $146 ({Predecessor:} 13. Qc2 Bf6 14. Rad1 Rad8 15. b3 g5 16. f3 e3 {½-½ (41) Balakrishnan,P (2433)-Azarov,S (2589) Greensboro 2019}) 13... Ba6 14. b3 b5 15. cxb5 Bxb5 16. Re1 a5 {[%cal Ba7a5,Ba5a4][%mdl 32]} 17. Qd2 a4 18. Bb4 Rfb8 (18... c5 $15 19. dxc5 Qxd2 20. Bxd2 Bxc5) 19. Bxe7 $1 $14 Qxe7 20. Qc3 Bd3 21. Bf1 Qb4 22. Rac1 axb3 23. axb3 Qxb3 24. Bxd3 exd3 {The position is equal.} 25. Red1 Qxc3 26. Rxc3 Ra2 27. Rcxd3 Rbb2 28. Rf1 $1 Kf7 29. Rc3 Rc2 30. Rxc2 Rxc2 {Accuracy: White = 49%, Black = 62%.} 1/2-1/2

[Event "WYCC U16 Open 2019"]
[Site "Mumbai"]
[Date "2019.10.05"]
[Round "5.1"]
[White "Aronyak Ghosh"]
[Black "Makarian, Rudik"]
[Result "*"]
[WhiteElo "2380"]
[BlackElo "2386"]
[Annotator "TA"]
[PlyCount "25"]
[EventDate "2019.10.02"]
[EventType "swiss"]
[EventCountry "IND"]
[SourceTitle "playchess.com"]
[Source "ChessBase"]
[SourceQuality "1"]

{[%evp 15,25,0,14,0,0,0,0,0,0,-7,0,-7]} 1. Nf3 Nf6 2. c4 e6 3. Nc3 b6 4. g3 Bb7 5. Bg2 Be7 6. O-O O-O 7. d4 Ne4 8. Bd2 d5 {The position is equal.} 9. Ne5 {E18: Queen's Indian: Old Main Line (4 g3 Bb7 5 Bg2 Be7 6 0-0 0-0 7 Nc3)} (9. cxd5 exd5 10. Rc1 Nd7 11. Bf4 c6 12. h4 Ndf6 13. Ne5 c5 14. dxc5 Bxc5 15. Nd3 Be7 16. Nb5 a6 17. Nd4 Rc8 18. Rxc8 Qxc8 19. Qb3 {0-1 (52) Sarana,A (2618)-Korobov,A (2698) St Petersburg 2018}) 9... Nd7 10. Nxd7 Qxd7 11. Nxe4 dxe4 12. Bc3 f5 13. e3 $146 ({Predecessor:} 13. Qc2 Bf6 14. Rad1 Rad8 15. b3 g5 16. f3 e3 {½-½ (41) Balakrishnan,P (2433)-Azarov,S (2589) Greensboro 2019}) *

[Event "WYCC U16 Open 2019"]
[Site "Mumbai"]
[Date "2019.10.05"]
[Round "5.2"]
[White "Niemann, Hans Moke"]
[Black "Pogosyan, Stefan"]
[Result "*"]
[WhiteElo "2439"]
[BlackElo "2364"]
[Annotator "TA"]
[PlyCount "28"]
[EventDate "2019.10.02"]
[EventType "swiss"]
[EventCountry "IND"]
[SourceTitle "playchess.com"]
[Source "ChessBase"]
[SourceQuality "1"]

{[%evp 10,19,9,8,22,18,18,9,24,30,35,36]} 1. Nf3 Nf6 2. c4 e6 3. b3 b6 4. g3 Bb7 5. Bg2 d5 6. O-O Bd6 {A13: English Opening: 1...e6} (6... Be7 7. Bb2 dxc4 8. bxc4 c5 9. d3 O-O 10. Nbd2 Qc7 11. Qc2 Nc6 12. Rac1 Rfd8 13. Rfd1 Ne8 14. Ne4 Rac8 15. Qb1 Nd6 16. Nxd6 Bxd6 17. Qa1 Bf8 18. e3 {½-½ (35) Venkatesh,M (2481)-Kovalev,V (2661) Qingdao 2019}) 7. d4 O-O 8. Nc3 a6 9. Bb2 Nbd7 10. Nd2 {Predecessor:} c5 $146 11. dxc5 bxc5 12. e3 Qe7 13. Qe2 Rfd8 14. Rfd1 Nb6 {0-1 (39) Condurat,F (1795)-Marinescu,S (1967) Iasi 2013} *

[Event "WYCC U16 Open 2019"]
[Site "Mumbai"]
[Date "2019.10.05"]
[Round "5.2"]
[White "Niemann, Hans Moke"]
[Black "Pogosyan, Stefan"]
[Result "1/2-1/2"]
[WhiteElo "2439"]
[BlackElo "2364"]
[Annotator "TA"]
[PlyCount "60"]
[EventDate "2019.10.02"]
[EventType "swiss"]
[EventCountry "IND"]
[SourceTitle "playchess.com"]
[Source "ChessBase"]
[SourceQuality "1"]

{[%evp 10,60,10,10,25,21,15,14,32,25,20,24,84,75,96,70,63,62,66,66,66,68,78,68,60,69,74,68,75,72,77,72,67,59,66,70,91,22,21,0,7,7,7,7,7,7,7,7,7,0,0,0,7]} 1. Nf3 Nf6 2. c4 e6 3. b3 b6 4. g3 Bb7 5. Bg2 d5 6. O-O Bd6 {A13: English Opening: 1...e6} (6... Be7 7. Bb2 dxc4 8. bxc4 c5 9. d3 O-O 10. Nbd2 Qc7 11. Qc2 Nc6 12. Rac1 Rfd8 13. Rfd1 Ne8 14. Ne4 Rac8 15. Qb1 Nd6 16. Nxd6 Bxd6 17. Qa1 Bf8 18. e3 {½-½ (35) Venkatesh,M (2481)-Kovalev,V (2661) Qingdao 2019}) 7. d4 O-O 8. Nc3 a6 9. Bb2 Nbd7 10. Nd2 c5 {[#]} (10... Rb8 $11) 11. cxd5 $146 ({Predecessor:} 11. dxc5 bxc5 12. e3 Qe7 13. Qe2 Rfd8 14. Rfd1 Nb6 {0-1 (39) Condurat,F (1795)-Marinescu,S (1967) Iasi 2013}) 11... exd5 12. e4 {[%cal Rc3d5]} cxd4 13. Nxd5 Bc5 14. b4 Nxd5 15. exd5 Bxb4 16. Ne4 Bc5 17. Bxd4 Bxd4 18. Qxd4 Nf6 19. Nxf6+ Qxf6 20. Qxf6 gxf6 21. Rfb1 b5 $1 22. a4 Rfb8 23. axb5 (23. f4 $16) 23... axb5 $11 {The position is equal.} 24. h4 b4 25. Rxa8 Bxa8 26. d6 {White wants to play Bxa8.} Bxg2 27. Kxg2 {KR-KR} Kf8 28. Re1 Rd8 29. Rb1 Rb8 30. Re1 Rd8 {Accuracy: White = 69%, Black = 68%.} 1/2-1/2

[Event "WYCC U16 Open 2019"]
[Site "Mumbai"]
[Date "2019.10.05"]
[Round "5.3"]
[White "Daghli, Arash"]
[Black "Moksh, Amit Doshi"]
[Result "1-0"]
[WhiteElo "2387"]
[BlackElo "2328"]
[Annotator "TA"]
[PlyCount "53"]
[EventDate "2019.10.02"]
[EventType "swiss"]
[EventCountry "IND"]
[SourceTitle "playchess.com"]
[Source "ChessBase"]
[SourceQuality "1"]

{[%evp 12,53,22,28,20,13,33,31,39,34,40,42,39,47,79,84,91,83,75,59,50,56,78,56,139,150,152,145,142,142,137,138,133,131,133,126,147,127,284,183,403,403,389,401]} 1. Nf3 c5 2. e4 d6 3. d4 cxd4 4. Nxd4 Nf6 5. f3 e5 6. Nb3 Be6 7. c4 a5 {B55: Sicilian: 2...d6 3 d4 cxd4 4 Nxd4 Nf6 5 f3} ({Much weaker is} 7... Nxe4 $6 8. fxe4 Qh4+ 9. Kd2 $16) (7... Nbd7 8. Be3 b5 9. Na3 a6 10. cxb5 d5 11. bxa6 dxe4 12. Bb5 Nd5 13. Bc5 Nf4 14. O-O Bxb3 15. Qxd7+ Qxd7 16. Bxf8 Rxf8 17. axb3 Rxa6 18. Bxd7+ Kxd7 {½-½ (27) Vitiugov,N (2721)-Duda,J (2710) Czech Republic 2018}) 8. Be3 a4 9. N3d2 Qa5 {White is slightly better.} 10. Nc3 Be7 11. Be2 O-O 12. O-O Nbd7 13. Nd5 Bxd5 14. cxd5 b5 15. Qb1 $146 ({Predecessor:} 15. b4 Qxb4 {1-0 (41) Pecurica,M (2326)-Todorovic,N (2300) Paracin 2018}) 15... Bd8 16. b4 axb3 $1 17. Nxb3 Qa6 {[#]} ({Better is} 17... Qa4 $14) 18. a4 $1 $36 {[%mdl 2048] Keeping Black busy.} Bb6 19. Bf2 Bxf2+ 20. Rxf2 Qa7 21. Bxb5 Rfc8 22. Qe1 Nc5 23. Nd2 Rcb8 24. Qf1 {Strongly threatening Bc6.} Rb6 $2 {[#]} (24... Qc7 $16 {was worth a try.} 25. Bc6 Ra7) 25. g3 Ne8 $2 (25... Rd8 26. Kh1 Rbb8) 26. a5 $18 Rbb8 27. Bc6 {Accuracy: White = 100%, Black = 37%.} 1-0

[Event "WYCC U16 Open 2019"]
[Site "Mumbai"]
[Date "2019.10.05"]
[Round "5.3"]
[White "Daghli, Arash"]
[Black "Moksh Amit Doshi"]
[Result "*"]
[WhiteElo "2387"]
[BlackElo "2328"]
[Annotator "TA"]
[PlyCount "34"]
[EventDate "2019.10.02"]
[EventType "swiss"]
[EventCountry "IND"]
[SourceTitle "playchess.com"]
[Source "ChessBase"]
[SourceQuality "1"]

{[%evp 12,34,14,21,22,18,15,18,41,38,39,40,35,38,83,72,89,82,66,65,63,68,83,72,152]} 1. Nf3 c5 2. e4 d6 3. d4 cxd4 4. Nxd4 Nf6 5. f3 e5 6. Nb3 Be6 7. c4 a5 {B55: Sicilian: 2...d6 3 d4 cxd4 4 Nxd4 Nf6 5 f3} ({Reject} 7... Nxe4 $6 8. fxe4 Qh4+ 9. Kd2 $16) (7... Nbd7 8. Be3 b5 9. Na3 a6 10. cxb5 d5 11. bxa6 dxe4 12. Bb5 Nd5 13. Bc5 Nf4 14. O-O Bxb3 15. Qxd7+ Qxd7 16. Bxf8 Rxf8 17. axb3 Rxa6 18. Bxd7+ Kxd7 {½-½ (27) Vitiugov,N (2721)-Duda,J (2710) Czech Republic 2018}) 8. Be3 a4 9. N3d2 Qa5 {The position is equal.} 10. Nc3 Be7 11. Be2 O-O 12. O-O $36 {[%mdl 2048] White fights for an advantage.} Nbd7 13. Nd5 Bxd5 14. cxd5 b5 15. Qb1 $146 ({Predecessor:} 15. b4 Qxb4 {1-0 (41) Pecurica,M (2326)-Todorovic,N (2300) Paracin 2018}) 15... Bd8 16. b4 axb3 17. Nxb3 Qa6 (17... Qa4 $142) *

[Event "WYCC U16 Open 2019"]
[Site "Mumbai"]
[Date "2019.10.05"]
[Round "5.4"]
[White "Kushagra, Mohan"]
[Black "Kacharava, Nikolozi"]
[Result "1/2-1/2"]
[WhiteElo "2309"]
[BlackElo "2428"]
[Annotator "TA"]
[PlyCount "81"]
[EventDate "2019.10.02"]
[EventType "swiss"]
[EventCountry "IND"]
[SourceTitle "playchess.com"]
[Source "ChessBase"]
[SourceQuality "1"]

{[%evp 18,81,45,51,42,44,64,62,68,64,216,210,212,53,53,53,53,59,79,33,32,32,38,0,6,0,0,0,76,75,89,74,80,27,58,33,28,43,28,34,45,45,50,0,0,0,0,-14,-14,-14,-12,-13,-13,-14,-14,-14,0,-14,11,0,0,0,0,0,0,0]} 1. e4 d6 2. d4 Nf6 3. Nc3 e5 4. Nf3 Nbd7 5. Bc4 Be7 6. a4 O-O 7. O-O a5 8. h3 c6 9. Re1 h6 10. Be3 Re8 {C41: Philidor Defence} 11. Qe2 exd4 12. Bxd4 Nf8 $146 {White is slightly better.} ({Predecessor:} 12... Bf8 13. Bb3 Ne5 14. Rad1 Qc7 15. Nd2 Be6 16. f4 Ned7 17. Qf3 Rad8 18. Re2 Bxb3 19. Nxb3 {1-0 (45) Areshchenko,A (2652)-Moranda,W (2599) Germany 2018}) 13. Rad1 Ng6 $2 (13... N6h7 $14) 14. e5 $18 Bf8 {[#]} 15. Qd3 $2 ({Only move:} 15. Qf1 $1 $18) 15... Nf4 $14 16. Qf1 N6d5 17. Nxd5 Nxd5 18. Bxd5 cxd5 19. exd6 Rxe1 20. Qxe1 Qxd6 21. Qe8 Qc6 22. Re1 {[#] Black must now prevent Qd8.} Ra6 (22... Qa6 $1 $11) 23. Re7 $16 Qxe8 24. Rxe8 Rc6 25. Bc3 (25. c3 $16 {aiming for Ne5.} f6 26. Rd8) 25... b6 26. Ne5 Rc7 27. Rd8 Be6 28. Rb8 d4 29. Bxd4 {Strongly threatening c4.} Rxc2 30. Rxb6 Bb4 {The position is equal.} 31. Rb8+ Kh7 32. Rb7 Rc1+ 33. Kh2 Bd6 {Threatens to win with ...Rc4.} 34. f4 $1 Rd1 35. Bc3 f6 36. Ng4 $1 Bxf4+ 37. g3 Bxg4 38. gxf4 Bd7 39. Ra7 Bxa4 40. Bxf6 Rd2+ 41. Kg3 {Accuracy: White = 60%, Black = 66%.} 1/2-1/2

[Event "WYCC U16 Open 2019"]
[Site "Mumbai"]
[Date "2019.10.05"]
[Round "5.4"]
[White "Kushagra Mohan"]
[Black "Kacharava, Nikolozi"]
[Result "*"]
[WhiteElo "2309"]
[BlackElo "2428"]
[Annotator "TA"]
[PlyCount "26"]
[EventDate "2019.10.02"]
[EventType "swiss"]
[EventCountry "IND"]
[SourceTitle "playchess.com"]
[Source "ChessBase"]
[SourceQuality "1"]

{[%evp 18,26,62,44,54,55,60,57,38,62,229]} 1. e4 d6 2. d4 Nf6 3. Nc3 e5 4. Nf3 Nbd7 5. Bc4 Be7 6. a4 O-O 7. O-O a5 8. h3 c6 9. Re1 h6 10. Be3 {White is slightly better.} Re8 {C41: Philidor Defence} 11. Qe2 exd4 12. Bxd4 Nf8 $146 ({Predecessor:} 12... Bf8 13. Bb3 Ne5 14. Rad1 Qc7 15. Nd2 Be6 16. f4 Ned7 17. Qf3 Rad8 18. Re2 Bxb3 19. Nxb3 {1-0 (45) Areshchenko,A (2652)-Moranda,W (2599) Germany 2018}) 13. Rad1 Ng6 $2 (13... N6h7 $14) *

[Event "WYCC U16 Open 2019"]
[Site "Mumbai"]
[Date "2019.10.05"]
[Round "5.5"]
[White "Avila Pavas, Santiago"]
[Black "Soto, Miguel Angel"]
[Result "1/2-1/2"]
[WhiteElo "2406"]
[BlackElo "2283"]
[Annotator "TA"]
[PlyCount "69"]
[EventDate "2019.10.02"]
[EventType "swiss"]
[EventCountry "IND"]
[SourceTitle "playchess.com"]
[Source "ChessBase"]
[SourceQuality "1"]

{[%evp 9,69,70,79,73,73,76,79,53,45,45,51,39,43,62,105,105,105,99,112,83,105,105,105,105,105,105,105,105,108,108,126,88,80,87,81,46,67,66,64,42,139,141,139,4,4,13,4,0,0,0,0,-70,-8,-71,-44,-58,-49,-60,-44,-75,-74,-127]} 1. e4 g6 2. d4 Bg7 3. Nc3 c5 4. dxc5 Bxc3+ 5. bxc3 Qa5 6. Qd4 {B06: Modern Defence} (6. Bd3 Nf6 7. Ne2 Qxc5 8. O-O b6 9. Rb1 Ba6 10. Be3 Qc7 11. f4 d6 {0-1 (43) Saric,I (2669)-Piorun,K (2651) Katowice 2017}) 6... Nf6 7. Qb4 Qc7 8. Bd3 {White is better.} Na6 9. Bxa6 bxa6 10. Ne2 a5 11. Qd4 $36 {[%mdl 2048] White has the initiative.} e5 12. Bf4 $146 exf4 13. Qxf6 {[%mdl 64] Double Attack} O-O 14. h4 Re8 15. h5 {Hoping for hxg6.} Qe5 16. Qxe5 Rxe5 17. hxg6 hxg6 18. f3 ({Avoid the trap} 18. Nxf4 $2 Rxe4+ 19. Ne2 Ba6 $19) 18... Bb7 19. O-O-O Bc6 20. Nxf4 Rxc5 21. Kd2 Rc8 22. Rde1 d5 23. e5 ({Reject} 23. Nxd5 Bxd5 24. exd5 Rxd5+ 25. Kc1 Rxc3 $11) 23... Bd7 24. Rc1 Ba4 {[#]} ({Black should try} 24... Kg7 $1 $14) 25. Rh4 $1 $16 {Rch1 is the strong threat.} Rxc3 {[#]} 26. Nxd5 (26. Rch1 $1 $16 {Intending Rh8+ and mate.} Rxc2+ {[%mdl 64] Double Attack} 27. Ke3 d4+ 28. Ke4) 26... Rxc2+ $11 27. Rxc2 Rxc2+ $16 {[%mdl 4096] Endgame KRB-KRN} 28. Kd3 Rxa2 29. Nc3 Bc2+ 30. Kc4 (30. Ke3 $11 Ra1 31. Rc4) 30... Ra3 (30... Ra1 $15) 31. Kd4 (31. Rd4 $11) 31... Kg7 32. Rh1 a4 33. Rc1 Bf5 34. Kc5 Bd7 35. Nb5 {Accuracy: White = 43%, Black = 49%.} (35. Kd6 $142 Be6 36. Kc5) 1/2-1/2

[Event "WYCC U16 Open 2019"]
[Site "Mumbai"]
[Date "2019.10.05"]
[Round "5.6"]
[White "Bilych, Olexiy"]
[Black "Sankalp Gupta"]
[Result "*"]
[WhiteElo "2281"]
[BlackElo "2369"]
[Annotator "RC"]
[PlyCount "28"]
[EventDate "2019.10.02"]
[EventType "swiss"]
[EventCountry "IND"]
[SourceTitle "playchess.com"]
[Source "ChessBase"]
[SourceQuality "1"]
[TimeControl "40/5400+30:1800+30"]

1. e4 c5 2. Nf3 d6 3. d4 cxd4 4. Nxd4 Nf6 5. Nc3 a6 6. h3 e6 7. g4 Nfd7 8. g5 b5 9. Be3 Bb7 10. Bg2 Be7 11. h4 b4 12. Nce2 Nc5 13. Ng3 Nbd7 14. O-O Nb6 *

[Event "WYCC U16 Open 2019"]
[Site "Mumbai"]
[Date "2019.10.05"]
[Round "5.6"]
[White "Bilych, Olexiy"]
[Black "Sankalp, Gupta"]
[Result "1-0"]
[WhiteElo "2281"]
[BlackElo "2369"]
[Annotator "TA"]
[PlyCount "105"]
[EventDate "2019.10.02"]
[EventType "swiss"]
[EventCountry "IND"]
[SourceTitle "playchess.com"]
[Source "ChessBase"]
[SourceQuality "1"]

{[%evp 12,105,18,25,40,50,46,26,50,17,26,23,21,18,43,26,16,27,24,25,88,56,53,15,19,0,9,0,55,57,108,62,94,91,114,92,106,91,105,77,100,100,81,94,99,46,44,39,140,129,134,133,142,154,240,228,247,202,209,209,200,160,169,151,155,117,130,97,230,244,238,217,223,151,411,397,681,837,643,836,761,593,954,896,935,934,992,965,974,955,955,933,890,665,603,549]} 1. e4 c5 2. Nf3 d6 3. d4 cxd4 4. Nxd4 Nf6 5. Nc3 a6 6. h3 e6 7. g4 Nfd7 {B81: Sicilian Scheveningen: Keres Attack} (7... h6 8. Bg2 Be7 9. Qd3 Nc6 10. Nxc6 bxc6 11. e5 Nd5 12. exd6 Bxd6 13. Ne4 Bc7 14. c4 Nf4 15. Qxd8+ Kxd8 16. Kf1 {½-½ (45) Nepomniachtchi,I (2775)-Wojtaszek,R (2737) Dortmund 2019}) 8. g5 b5 9. Be3 Bb7 {White has an edge.} 10. Bg2 Be7 11. h4 b4 12. Nce2 Nc5 13. Ng3 Nbd7 14. O-O $146 ({Predecessor:} 14. f4 Na4 15. f5 Nxb2 {1-0 (26) Osmanodja,F (2260)-Sieber,F (2250) Magdeburg 2019}) 14... Nb6 15. b3 $36 {[%mdl 2048] White has good play.} Qc7 (15... d5 $11) 16. c4 g6 17. Qd2 e5 18. Nde2 a5 19. f4 exf4 (19... h6 $1 $11) 20. Nxf4 $14 Nbd7 ({Black should try} 20... O-O $14) 21. Bd4 Ne5 22. Nd5 Bxd5 23. exd5 {And now Bxe5 would win.} ({Don't play} 23. cxd5 $6 O-O $14) 23... O-O 24. Bxe5 dxe5 25. d6 $1 {[%cal Rd6c7]} Bxd6 26. Bxa8 Rxa8 27. Rad1 Rd8 {Black wants to play ...Nxb3!} 28. Qg2 (28. Qe3 $16) 28... Ne6 29. Ne4 {[%cal Bg3e4,Be4f6,Bf6d5][%mdl 32]} Bc5+ (29... Be7 $14) 30. Kh2 $16 Bd4 31. Nf6+ Kh8 32. Nd5 Qa7 (32... Qd7 $16 {keeps fighting.} 33. Qf3 Rf8 34. Qf6+ Ng7) 33. Qf3 $18 {Black must now prevent Qf6+.} Kg8 34. Kh1 Ng7 35. Nf6+ Kh8 36. Qe4 Qa8 37. Qxa8 Rxa8 38. Ne4 Nf5 39. Rc1 h5 {[#]} (39... Be3 $16 {was worth a try.}) 40. c5 $1 Ra7 41. Kh2 Rc7 42. Kh3 Kg7 $2 {[#]} (42... Kg8 $16 {is a better defense.} 43. Nd6 Bc3) 43. Nd6 $1 {[%cal Rd6e8] Hoping for Ne8+.} Rxc5 $2 (43... Kg8 44. Nxf5 gxf5 45. Rxf5 Bc3) 44. Nxf5+ {White is clearly winning.} gxf5 45. Rxc5 Bxc5 46. Rxf5 {[%mdl 4096] Endgame KR-KB} Bd4 47. Kg2 Bc3 48. Kf1 Kg6 49. Rf6+ Kg7 50. Rh6 e4 51. Rxh5 Kg6 52. Rh6+ Kf5 53. Ke2 {Accuracy: White = 65%, Black = 39%.} 1-0